Troilus and Cressida (Record no. 2286)

MARC details
000 -LEADER
fixed length control field 00326nam a22001337a 4500
008 - FIXED-LENGTH DATA ELEMENTS--GENERAL INFORMATION
fixed length control field 250312b |||||||| |||| 00| 0 eng d
020 ## - INTERNATIONAL STANDARD BOOK NUMBER
ISBN 0710810334
100 ## - MAIN ENTRY--AUTHOR
Author Adamson Jane
245 ## - TITLE STATEMENT
Title Troilus and Cressida
260 ## - PUBLICATION, DISTRIBUTION, ETC. (IMPRINT)
Place of publication Brighton
Name of publisher The Hervester Press Ltd
Date of publication 1987
300 ## - COLLATION
Pagination 174p.
942 ## - ADDED ENTRY ELEMENTS (KOHA)
Item type Books
050 ## - LIBRARY OF CONGRESS CALL NUMBER
Classification number PR 2836
Item number .A33
Holdings
Source of classification or shelving scheme Not for loan Permanent location Current location Date acquired Accession No. Full call number Barcode. Koha item type
Library of Congress Classification   Samuel Ogbemudia Main Library, University of Abuja Samuel Ogbemudia Main Library, University of Abuja 03/12/2025 90/000427 PR 2836.A33 2025-0542 Books
Library of Congress Classification   Samuel Ogbemudia Main Library, University of Abuja Samuel Ogbemudia Main Library, University of Abuja 03/12/2025 90/000427 PR 2836.A33 2025-0543 Books